VARIABILITA SYSTEMATICKÝCH ZNAKOV POPULÁCIÍ KUNCOV (BOMBINA BOMBINA L. A BOMBINA VARIEGATA L.) V DOTYKOVÝCH ZÓNACH POVODIA RIEK HRONA A NITRY

Bibliographic Details
Main Authors: Lác, Ján, 1932- (Author), Lechovič, Alfonz (Author)
Format: Article
Language:Slovak

MARC

LEADER 00000nab a2200000uu 4500
001 vtls011435509
003 SK-MaSNL
005 20260303145904.0
008 230222|1965 xo |||||||||||||||||slo|
015 |a SNBRB 
035 |a (urnnbn)urn:nbn:sk:snk:ar-001wve 
035 |a (uuid)3ced1f43-9bae-4ee1-a756-ed8f80ab8d9a 
035 |a urn:nbn:sk:snk-abcb3w 
040 |a SNKBUCL  |b slo  |c SNKBUCL  |e AACR2 
041 0 |a slo 
044 |a xo  |c SK 
100 1 |a Lác, Ján,  |d 1932-  |4 aut  |9 6434 
245 1 0 |a VARIABILITA SYSTEMATICKÝCH ZNAKOV POPULÁCIÍ KUNCOV (BOMBINA BOMBINA L. A BOMBINA VARIEGATA L.) V DOTYKOVÝCH ZÓNACH POVODIA RIEK HRONA A NITRY  |c Ján Lác, Alfonz Lechovič 
246 3 |a DIE VARIABILITÄT DER SYSTEMATISCHEN MERKMALE BEI DEN UNKEN-POPULATIONEN (BOMBINA BOMBINA L. UND BOMBINA VARIEGATA L.) IN BERÜHRUNGSZONEN DES FLUSSGEBIETES HRON UND NITRA 
700 1 |a Lechovič, Alfonz  |4 aut  |9 1168737 
773 0 |t Sborník Slovenského národného múzea  |g Roč. 59, č. 11 (1965), s. 107-[122] 
954 |a odborná, vedecká literatúra pôvodná (slovenská)  |2 lita 
958 |a OND 
958 |a EUIPO 
958 |a article16 
999 |c 2005997  |d 2007927